000 00941cam a22002657a 4500
008
020 _a1933247223 (pbk.)
049 _aMAIN
090 _aQM451
_bRUB
100 1 _aRubin, Michael.
245 1 0 _aNetter's concise neuroanatomy /
_cMichael Rubin, Joseph E. Safdieh ; illustrations by Frank H. Netter ; contributing illustrators, John A. Craig, Carlos A.G. Machado, James A. Perkins.
260 _aPhiladelphia :
_bSaunders/Elsevier,
_cc2007.
300 _axv, 403 p. :
_bill. (chiefly col.) ;
_c23 cm.
500 _aIncludes index.
650 0 _aNeuroanatomy
_vAtlases.
650 1 2 _aNervous System
_xanatomy & histology
_vAtlases.
650 2 2 _aNervous System Diseases
_vAtlases.
700 1 _aSafdieh, Joseph E.
700 1 _aNetter, Frank H.
907 _a.b1029787x
_b28-09-17
_c06-06-11
003
005 20230123125305.0
040 _cNUST
942 _cBOOKS
_kQM451
_mRUB
999 _c138988
_d138988